000 00541nam a22001697a 4500
003 OSt
005 20260129160115.0
008 260129b |||||||| |||| 00| 0 eng d
040 _cMRSPTU
041 _aEnglish
100 _aOnkar Singh, Supervisor: Dr. Dhirendra Singhal
245 _aShear Strength of High Performance Steel Fibre Reinforced Concrete
260 _bDepartment of Civil Engg. MRSPTU, Bathinda
_c2009
650 _aCivil Engineering
856 _uhttp://163.47.215.52:8080/jspui/handle/123456789/988
942 _2ddc
_cTH
_n0
999 _c10794
_d10794